000 00417nam a22001571a 4500
020 _a9780195106572
082 _a401.93
_bRON/S
100 _aRonald Macaulay
245 _aThe social art:
_blanguage and its uses/
_cby Ronald Macaulay
260 _aOxford:
_bOxford University Press,
_c1994.
300 _a241p.
500 _aRonald Macaulay
650 _aLanguage Acquisition
650 _aLanguage
942 _cBK
999 _c42468
_d42468